00498nam a2200181 a 4500008004100000020001500041050001700056100002600073245003200099250001200131260005800143300002100201350000900222500003000231650001100261650002100272700002300293120416s1985 ||||||||||||||||| || u a0534044824 aQK 711.2 Sal aRoss, Cleon W., 1934-10aPlant physiology. (3rd ed.) a3rd ed. aBelmont, Calif. :bWadsworth Publishing Companyc1985 axv, 540p. : ill. a0.00 aBibliography: p. 505-528. aPLANTS aPLANT PHYSIOLOGY aSalisbury, Frank B